000 00907nam a22002057a 4500
999 _c56773
_d56773
003 Ge_BSU
005 20190423170704.0
008 190420s2000 ge ||||| |||| 00| 0 geo d
020 _a9992844841
041 _ageo
080 _a94(37) (092)
100 _aსურგულაძე, კახაბერ
_9285
245 _aციცერონი და სამოქალაქო ომი რომში (49-45) /
_cკახაბერ სურგულაძე ; რედ. ლევან სანიკიძე.
264 _aბათუმი :
_bაჭარა,
_c2000.
300 _a213 გვ. ;
_c25 სმ.
520 _aრეზიუმე ქართ. და რუს ენაზე გვ. 209-211
653 _aმსოფლიო ისტორია
700 _aსანიკიძე, ლევან
_eრედაქტორი
_9286
942 _2udc
_cBK